000 00719 a2200205 4500
999 _c26284
_d26284
008 090512t xxu||||| |||| 00| 0 eng d
010 _aB-285048
020 _a9788129104595
_c95.00
035 _aB-285048,B-215280
037 _bUBH
040 _adpl
_bEnglish
082 _aN
100 _aBhagat, Chetan
_954510
245 _aFive point someone:
_cby Chetan Bhagat
_bwhat not to do at IIT:a novel /
260 _aNew Delhi
_bRupa & Co.
_c2005
270 _a7/16, Ansari Road, Darya Ganj
_bNew Delhi
_e110002
300 _a 270p.
_c22cm. (pbk)
942 _adpl
_cEN
_2ddc
_hN
_mBHA